[Event "Serpukhov Lushki-B"]
[Site "Serpukhov"]
[Date "2004.11.27"]
[Round "12"]
[White "Simantsev, Mikhail"]
[Black "Sobyanin, Viktor"]
[Result "1-0"]
[WhiteElo "2402"]
[BlackElo "2277"]
[PlyCount "109"]
[EventDate "2004.11.19"]
[EventType "tourn"]
[EventRounds "17"]
[EventCountry "RUS"]
[EventCategory "1"]
[SourceTitle "CBM 103 Extra"]
[Source "ChessBase"]
[SourceDate "2005.01.01"]
[SourceVersion "1"]
[SourceVersionDate "2005.01.01"]
[SourceQuality "1"]

1. d4 Nf6 2. c4 e6 3. Nc3 Bb4 4. f3 d5 5. a3 Bxc3+ 6. bxc3 c5 7. cxd5 Nxd5 8. dxc5 Qa5 9. e4 Ne7 10. Be3 0-0 11. Qb3 Qc7 12. Nh3 e5 13. Nf2 Nec6 14. Be2 Be6 15. Qc2 Nd7 16. 0-0 Na5 17. Nd3 Rfc8 18. Rfb1 b6 19. Bf2 h6 20. Rb2 Nc4 21. Rb4 bxc5 22. Nxc5 Nxc5 23. Bxc4 a5 24. Rb5 Bxc4 25. Rxc5 Qe7 26. Rxc8+ Rxc8 27. Qa4 Qg5 28. Qxa5 Be2 29. h4 Qg6 30. Qxe5 Bxf3 31. Qg3 Bg4 32. a4 Qxe4 33. a5 Kh7 34. a6 Bd7 35. a7 Bc6 36. Bd4 g6 37. Re1 Qd5 38. Kh2 Rd8 39. Rb1 Bb7 40. Rb2 Re8 41. Qb8 Qe4 42. Qg3 Qd5 43. Rf2 Re4 44. Rf3 Re2 45. Bf2 Qa2 46. Bd4 Qd5 47. Kg1 h5 48. Qf4 Qf5 49. Qxf5 gxf5 50. Rxf5 Rxg2+ 51. Kf1 f6 52. Rxh5+ Kg6 53. Ra5 Ba8 54. Ra6 Kh5 55. Rxf6 1-0

[Event "Serpukhov Lushki-B"]
[Site "Serpukhov"]
[Date "2004.11.21"]
[Round "4"]
[White "Melnikova, Yana"]
[Black "Sobyanin, Viktor"]
[Result "1/2-1/2"]
[WhiteElo "2223"]
[BlackElo "2277"]
[PlyCount "52"]
[EventDate "2004.11.19"]
[EventType "tourn"]
[EventRounds "17"]
[EventCountry "RUS"]
[EventCategory "1"]
[SourceTitle "CBM 103 Extra"]
[Source "ChessBase"]
[SourceDate "2005.01.01"]
[SourceVersion "1"]
[SourceVersionDate "2005.01.01"]
[SourceQuality "1"]

1. e4 e6 2. d4 d5 3. e5 c5 4. c3 Nc6 5. Nf3 cxd4 6. cxd4 Nge7 7. Bd3 Nf5 8. Be3 Qb6 9. Qd2 Bd7 10. Bxf5 exf5 11. Nc3 Be6 12. 0-0 h6 13. Ne1 Be7 14. Nd3 g5 15. f4 0-0-0 16. Na4 Qa5 17. Qc2 Kb8 18. Nac5 Rc8 19. a3 b6 20. Nxe6 fxe6 21. b4 Qb5 22. Qd2 Qa4 23. Rfc1 Rhg8 24. Nb2 Qa6 25. Nd3 Qa4 26. Nb2 Qa6 1/2-1/2

[Event "Serpukhov-C"]
[Site "Serpukhov"]
[Date "2004.09.03"]
[Round "13"]
[White "Sobyanin, Viktor"]
[Black "Alikhanov, Felix"]
[Result "0-1"]
[WhiteElo "2275"]
[BlackElo "2342"]
[PlyCount "60"]
[EventDate "2004.08.26"]
[EventType "tourn"]
[EventRounds "13"]
[EventCountry "RUS"]
[EventCategory "1"]
[SourceTitle "EXT 2006"]
[Source "ChessBase"]
[SourceDate "2005.11.24"]
[SourceVersion "1"]
[SourceVersionDate "2005.11.24"]
[SourceQuality "1"]

1. e4 e6 2. d4 d5 3. e5 c5 4. c3 Ne7 5. Nf3 Nbc6 6. Bd3 cxd4 7. cxd4 Nf5 8. Bxf5 exf5 9. Nc3 Be6 10. Ne2 Be7 11. h4 h6 12. Nf4 g6 13. a3 Qb6 14. 0-0 g5 15. hxg5 hxg5 16. Nxe6 fxe6 17. Nxg5 Bxg5 18. Bxg5 Kd7 19. Be3 Rag8 20. g3 Qxb2 21. Kg2 Kc8 22. Qd3 Qb6 23. Rfc1 Kb8 24. Rab1 Qc7 25. Bd2 Rg4 26. Qb5 Ka8 27. Be3 f4 28. Bxf4 Rxf4 29. gxf4 Qg7+ 30. Kf1 Nxd4 0-1

[Event "Serpukhov-C"]
[Site "Serpukhov"]
[Date "2004.09.02"]
[Round "11"]
[White "Simantsev, Mikhail"]
[Black "Sobyanin, Viktor"]
[Result "1-0"]
[WhiteElo "2407"]
[BlackElo "2275"]
[PlyCount "71"]
[EventDate "2004.08.26"]
[EventType "tourn"]
[EventRounds "13"]
[EventCountry "RUS"]
[EventCategory "1"]
[SourceTitle "EXT 2006"]
[Source "ChessBase"]
[SourceDate "2005.11.24"]
[SourceVersion "1"]
[SourceVersionDate "2005.11.24"]
[SourceQuality "1"]

1. d4 g6 2. c4 f5 3. Nc3 Nf6 4. Nf3 Bg7 5. g3 0-0 6. Bg2 d6 7. 0-0 c6 8. b3 a5 9. Bb2 Na6 10. d5 Qc7 11. Rc1 Bd7 12. e3 Nc5 13. Ne2 Qb6 14. Nf4 a4 15. Rb1 cxd5 16. Bxf6 Bxf6 17. Nxd5 Qd8 18. Nxf6+ Rxf6 19. b4 Ne4 20. Qd3 Rc8 21. Rfc1 Qc7 22. Nd2 Nxd2 23. Qxd2 Bc6 24. Bd5+ e6 25. b5 Bd7 26. Bg2 b6 27. Qb4 e5 28. Qxa4 Be6 29. Qd1 f4 30. exf4 exf4 31. Qd4 Rcf8 32. Rb2 Qf7 33. Qxb6 Bxc4 34. Qd4 Be6 35. b6 g5 36. b7 1-0

[Event "Serpukhov-C"]
[Site "Serpukhov"]
[Date "2004.09.01"]
[Round "10"]
[White "Sobyanin, Viktor"]
[Black "Alipov, Anatoli Al"]
[Result "1-0"]
[WhiteElo "2275"]
[BlackElo "2148"]
[PlyCount "89"]
[EventDate "2004.08.26"]
[EventType "tourn"]
[EventRounds "13"]
[EventCountry "RUS"]
[EventCategory "1"]
[SourceTitle "EXT 2006"]
[Source "ChessBase"]
[SourceDate "2005.11.24"]
[SourceVersion "1"]
[SourceVersionDate "2005.11.24"]
[SourceQuality "1"]

1. e4 e5 2. Nf3 Nf6 3. d4 Nxe4 4. dxe5 d5 5. Nbd2 Nc5 6. Nb3 Nxb3 7. axb3 Be7 8. Bd3 Nd7 9. c3 Nc5 10. Bc2 Bg4 11. 0-0 Ne6 12. Qd3 c6 13. Nd4 Qd7 14. h3 Bh5 15. f4 Nxd4 16. cxd4 f6 17. f5 Kf8 18. Bf4 a6 19. Rae1 Qd8 20. Kh1 h6 21. Qe3 Bb4 22. Rc1 Be7 23. Rce1 Qd7 24. g4 Be8 25. Kg2 b6 26. Kg3 c5 27. exf6 Bxf6 28. dxc5 d4 29. Qf3 Rc8 30. Bd6+ Kg8 31. b4 Qd8 32. Kh2 a5 33. Bb3+ Kh7 34. Re6 axb4 35. Rfe1 bxc5 36. Rxf6 Qxf6 37. Re6 Qd8 38. f6 Bf7 39. Bc2+ g6 40. Bxg6+ Bxg6 41. Qb7+ Rc7 42. Bxc7 Qc8 43. Re7+ Bf7 44. Rxf7+ Kg6 45. Qe4+ 1-0

[Event "Serpukhov-C"]
[Site "Serpukhov"]
[Date "2004.08.30"]
[Round "6"]
[White "Sobyanin, Viktor"]
[Black "Tairova, Elena"]
[Result "0-1"]
[WhiteElo "2275"]
[BlackElo "2241"]
[PlyCount "104"]
[EventDate "2004.08.26"]
[EventType "tourn"]
[EventRounds "13"]
[EventCountry "RUS"]
[EventCategory "1"]
[SourceTitle "EXT 2006"]
[Source "ChessBase"]
[SourceDate "2005.11.24"]
[SourceVersion "1"]
[SourceVersionDate "2005.11.24"]
[SourceQuality "1"]

1. e4 e6 2. d4 d5 3. Nd2 c5 4. exd5 exd5 5. Bb5+ Bd7 6. Bxd7+ Nxd7 7. Ne2 Ngf6 8. 0-0 Be7 9. dxc5 Nxc5 10. Nd4 Qd7 11. Qf3 0-0 12. c3 Rfe8 13. N2b3 Nce4 14. Be3 a6 15. Rad1 b5 16. Nf5 Bd8 17. Rd3 Bc7 18. Rfd1 a5 19. Rxd5 Qxd5 20. Rxd5 Nxd5 21. Qg4 g6 22. Nh6+ Kg7 23. Nxf7 Nef6 24. Qf3 Kxf7 25. g4 Kg8 26. g5 Nxe3 27. gxf6 Nf5 28. Qd5+ Kh8 29. Nd4 Nxd4 30. cxd4 Bf4 31. Qxb5 Bh6 32. h4 Reb8 33. Qc6 Rc8 34. Qb5 Rd8 35. Qb7 Rdb8 36. Qc6 Rc8 37. Qb5 Rf8 38. Qb7 Rab8 39. Qe7 Rb6 40. f7 Bg7 41. h5 gxh5 42. Qc5 Rxb2 43. Qxa5 Bxd4 44. Qa3 Rxf7 45. Qa8+ Kg7 46. Qg2+ Kh6 47. Qd5 Bxf2+ 48. Kh1 Rf6 49. a4 Be3 50. Qd3 Bg5 51. a5 Rd2 52. Qc4 Rdd6 0-1

[Event "Serpukhov-C"]
[Site "Serpukhov"]
[Date "2004.08.29"]
[Round "5"]
[White "Burtasova, Anna"]
[Black "Sobyanin, Viktor"]
[Result "0-1"]
[WhiteElo "2220"]
[BlackElo "2275"]
[PlyCount "74"]
[EventDate "2004.08.26"]
[EventType "tourn"]
[EventRounds "13"]
[EventCountry "RUS"]
[EventCategory "1"]
[SourceTitle "EXT 2006"]
[Source "ChessBase"]
[SourceDate "2005.11.24"]
[SourceVersion "1"]
[SourceVersionDate "2005.11.24"]
[SourceQuality "1"]

1. e4 e6 2. d4 d5 3. e5 c5 4. c3 Qb6 5. Nf3 Nc6 6. a3 c4 7. Nbd2 Na5 8. h4 Bd7 9. g3 f6 10. Bh3 0-0-0 11. 0-0 Ne7 12. Rb1 Re8 13. Re1 Nec6 14. b3 cxb3 15. Nxb3 fxe5 16. Nxa5 Qxa5 17. Nxe5 Nxe5 18. Rxe5 Bd6 19. Re2 Qc7 20. Qe1 e5 21. dxe5 Bxh3 22. exd6 Qc6 23. Kh2 Rxe2 24. Qxe2 d4 25. d7+ Bxd7 26. cxd4 Re8 27. Be3 Qe4 28. Rc1+ Bc6 29. Qf1 Kb8 30. Bf4+ Ka8 31. Be5 Qf3 32. a4 Rf8 33. a5 g5 34. Re1 gxh4 35. gxh4 h5 36. Bg3 a6 37. Re3 Qxe3 0-1

[Event "RUS-ch U16"]
[Site "Cherepovets"]
[Date "2001.??.??"]
[Round "?"]
[White "Sobyanin, Viktor"]
[Black "Vlasov, Egor"]
[Result "0-1"]
[WhiteElo "2354"]
[BlackElo "2192"]
[PlyCount "104"]
[EventDate "2001.??.??"]
[EventType "swiss"]
[EventRounds "10"]
[EventCountry "RUS"]
[SourceTitle "EXT 2002"]
[Source "ChessBase"]
[SourceDate "2001.11.25"]
[SourceVersion "1"]
[SourceVersionDate "2001.11.25"]
[SourceQuality "1"]

1. e4 e5 2. Nf3 Nc6 3. Bb5 a6 4. Bxc6 dxc6 5. 0-0 Bg4 6. h3 h5 7. d3 Qf6 8. Be3 Bd6 9. Nbd2 Ne7 10. Re1 Bd7 11. d4 Ng6 12. Nc4 Qe6 13. Qd3 0-0-0 14. d5 Qe7 15. Nxd6+ Qxd6 16. c4 cxd5 17. exd5 c6 18. Ng5 Qf6 19. Qc3 Nf4 20. Ne4 Nxh3+ 21. gxh3 Qg6+ 22. Kh2 Qxe4 23. Bg5 Qf5 24. Bxd8 Rxd8 25. Qg3 f6 26. Rad1 g5 27. Qe3 Rg8 28. Rg1 Re8 29. b4 Kb8 30. Rg3 e4 31. a4 h4 32. Rgg1 Qe5+ 33. Kh1 Qf5 34. Kh2 Qe5+ 35. Kh1 cxd5 36. Rxd5 Qe6 37. Kh2 Bc6 38. Rd4 Bxa4 39. Ra1 Bc6 40. Rad1 Kc7 41. Rg1 Qe5+ 42. Kh1 f5 43. Rd5 Bxd5 44. cxd5 f4 45. Rc1+ Kb8 46. Qc5 e3 47. f3 e2 48. Re1 Qe3 49. Kg2 Qxc5 50. bxc5 a5 51. Kf2 a4 52. d6 Kc8 0-1